What continent? Quiz Stats

Quiz not verified by Sporcle

Challenge
Share
Tweet
Embed
Score 0/50 Timer 05:00
0 Plays Today
% Correct
asia
93.9%
asia
93.9%
africa
92.9%
africa
92.9%
asia
92.9%
north america
92.9%
africa
92.9%
europe
92.9%
asia
92.9%
africa
92.9%
africa
92.9%
africa
91.8%
asia
91.8%
asia
91.8%
asia
91.8%
asia
91.8%
north america
91.8%
europe
91.8%
europe
91.8%
asia
91.8%
north america
91.8%
south america
91.8%
africa
90.8%
asia
90.8%
africa
90.8%
% Correct
africa
90.8%
asia
90.8%
asia
90.8%
europe
89.8%
asia
89.8%
europe
89.8%
africa
89.8%
africa
89.8%
north america
89.8%
north america
89.8%
asia
89.8%
asia
89.8%
africa
89.8%
africa
88.8%
asia
88.8%
europe
87.8%
asia
87.8%
asia
87.8%
africa
87.8%
africa
84.7%
oceania
83.7%
south america
83.7%
oceania
77.6%
oceania
77.6%
europe
74.5%

You're not logged in!

Compare scores with friends on all Sporcle quizzes.
Join for Free
OR
Log In

You Might Also Like...

Show Comments

Extras

Top Quizzes Today


Score Distribution

Your Account Isn't Verified!

In order to create a playlist on Sporcle, you need to verify the email address you used during registration. Go to your Sporcle Settings to finish the process.

Report this User

Report this user for behavior that violates our Community Guidelines.

Details: